000 00463nam a2200145Ia 4500
008 220214s9999 xx 000 0 und d
022 _a0367-8288
245 0 _aINDIAN JOURNAL OF ENTOMOLOGY
260 _bThe Entomological Society of lndia, New Delhi
_aIndia
310 _aQ
500 _aEnding Volume & Year: 62, 2000
500 _aMissing Volume: 29-31;32(3);39-45;(53(4)check in the shelf);55(4)
500 _aStarting Volume & Year: 27, 1965
942 _cBJ
999 _c18867
_d18867